000 00480nam a2200169Ia 4500
003 GCL
008 140319s9999 xx 000 0 ara d
040 _aGCL /
_cGCL
082 0 4 _a810.93
_bى ف
100 1 _aيوسف خليف
245 1 0 _aفى الشعر الاموى دراسة فى البيئات /
_cيوسف خليف
300 _a227 ص
490 _a
650 0 4 _aالشعر العربى
650 0 4 _aالشعر العربى - نقد وتاريخ
942 _2ddc
_cBK
999 _c38570
_d38570